000 01201nam a2200325 a 4500
001 000111011
003 CHAP
005 20220329144154.0
008 141124s2014 mx fsm |||||||spa d
010 _a107473
011 _a108445
040 _cCHAP
090 _aTesis
100 1 _aMartínez Arredondo, José
_9128795
245 1 0 _aEfectividad biológica de dos paquetes biotecnológicos comerciales en la producción de frijol grano, en Valle de Santiago, Guanajuato
_h[En línea]
_cpor José Martínez Arredondo.
260 _aChapingo, Méx. :
_bEl autor,
_c2014.
500 _aPara ver el contenido del material haga clic en la liga
502 _aTesis (Ing. Agr. Esp. en Fitotecnia) -- UACH. Departamento de Fitotecnia
590 _aE11695DGD
_b10
_c20141124
_lUCH01
_h1450
590 _aE5995AHE
_b05
_c20141124
_lUCH01
_h1131
590 _aE5995AHE
_b05
_c20141124
_lUCH01
_h1135
650 1 4 _aAbonos
_xEfecto en frijol.
_9250
650 1 4 _aFrijol
_xMejoramiento.
_943404
650 1 4 _aFrijol
_xRendimiento.
_943429
650 1 4 _aFrijol
_xSemilla.
_943433
856 _aFinding aid
_uhttp://10.13.5.2/tesis/sist111011.pdf
_zTeclea aquí
901 _aBK
942 _cTESIS
942 _n0
999 _c107473
_d107473